An introduction to preservation of paintings (Record no. 87567)
[ view plain ]
| 000 -LEADER | |
|---|---|
| fixed length control field | 00687nam a22002171 4500 |
| 001 - CONTROL NUMBER | |
| control field | sa 68017182 |
| 003 - CONTROL NUMBER IDENTIFIER | |
| control field | DLC |
| 005 - DATE AND TIME OF LATEST TRANSACTION | |
| control field | 20260227112700.0 |
| 008 - FIXED-LENGTH DATA ELEMENTS--GENERAL INFORMATION | |
| fixed length control field | 820311s1967 ii a b 00010 eng |
| 010 ## - LIBRARY OF CONGRESS CONTROL NUMBER | |
| LC control number | sa 68017182 |
| 025 ## - OVERSEAS ACQUISITION NUMBER | |
| Overseas acquisition number | PL480:I-E-10130 |
| 050 0# - LIBRARY OF CONGRESS CALL NUMBER | |
| Classification number | ND1640 |
| Item number | .A5 |
| 082 0# - DEWEY DECIMAL CLASSIFICATION NUMBER | |
| Classification number | 751.6 |
| 100 10 - MAIN ENTRY--PERSONAL NAME | |
| Personal name | Agrawal, Om Prakash, |
| Dates associated with a name | 1931- |
| 245 13 - TITLE STATEMENT | |
| Title | An introduction to preservation of paintings |
| Statement of responsibility, etc. | [by] O.P. Agrawal. |
| 260 0# - PUBLICATION, DISTRIBUTION, ETC. | |
| Place of publication, distribution, etc. | Baroda, |
| Name of publisher, distributor, etc. | Dept. of Museology, Faculty of Fine Arts, Maharaja Sayajirao University of Baroda, |
| Date of publication, distribution, etc. | 1967. |
| 300 ## - PHYSICAL DESCRIPTION | |
| Extent | 40 p. |
| Other physical details | illus. |
| Dimensions | 25 cm. |
| 350 ## - PRICE (NR) (BK AM CF MU VM SE) [OBSOLETE] | |
| Price | 2.50 |
| 504 ## - BIBLIOGRAPHY, ETC. NOTE | |
| Bibliography, etc. note | Bibliography: p. [39]-40. |
| 650 #0 - SUBJECT ADDED ENTRY--TOPICAL TERM | |
| Topical term or geographic name entry element | Painting |
| General subdivision | Conservation and preservation. |
No items available.